| 000 | 00612nam a2200145Ia 4500 | ||
|---|---|---|---|
| 008 | 231129s2000||||xx |||||||||||||| ||spa|| | ||
| 020 | _a958-655-406-6 | ||
| 040 | _bspa | ||
| 082 | _a781.62 L847m | ||
| 100 | _aLondoño Fernández María Eugenia | ||
| 245 | 0 | _aLa música en la comunidad indígena ebera-chamí de Cristianía: Descripción de su sistema musical y aporte metodológico para el aprovechamientode la música en proceso de reapropiación cultura y desarrollo etnoeducativo | |
| 260 | _c2000 | ||
| 264 | _aUniversidad de Antioquia | ||
| 942 |
_2ddc _cBKS |
||
| 999 |
_c17709 _d17709 |
||